000 00803cab a2200205 4500
001 WB2822-06
008 090401t1992 xxu||||| |||| 00| 0 eng d
035 _a(Sirsi) u26261
041 _aeng
245 _aMundic concrete
260 _c1992
350 _a0
490 _aCS Monthly : General Practice
_v1(9) June 1992, 2(1)
520 _aThe Building Research Establishment has published advice to householders of houses in Cornwall and a few parts of Devon on the steps they can take to minimise the risk of their properties, if built of locally made mundic concrete, deteriorating seriously. "Taking care of mundic concrete homes" BRE £2.00.
650 _aMUNDIC BLOCKS
650 _aMUNDIC CONCRETE
690 _aBUILT ENVIRONMENT-BUILDING PATHOLOGY
942 _n0
948 _c04/03/1997
999 _c17632
_d17632